Top 15 countries with the most number of births - Statistics

General Stats
  • This quiz has been taken 59 times
  • The average score is 14 of 15
Answer Stats
Continent # of births Answer % Correct
North America 20,603,000 United States
100%
South America 14,479,000 Brazil
98%
Africa 36,906,000 Nigeria
98%
Europe/Asia 8,903,000 Russia
98%
Asia 81,730,000 China
96%
Asia 126,160,000 India
96%
Asia 27,226,000 Pakistan
94%
Africa 17,158,000 D. R. of the Congo
92%
Africa 12,306,000 Egypt
92%
Africa 16,477,000 Ethiopia
92%
Asia 24,412,000 Indonesia
92%
Africa 10,947,000 Tanzania
90%
Asia 15,286,000 Bangladesh
88%
Asia 12,097,000 Philippines
83%
Africa 9,044,000 Uganda
77%
No matching quizzes found
Score Distribution
Percent of People with Each Score
Percentile by Number Answered
Your Score History
You have not taken this quiz